Pokémon - Les attaques de Chuchmur - Statistiques

Statistiques générales
  • Ce quiz a été pris 17 fois
  • Le résultat moyen est 8 sur 12
Statistiques - réponses
Niveaux Types Noms des coups % Correct
Niveau 35 Normal Brouhaha
91%
Niveau 5 Normal Écho
82%
Départ Spectre Étonnement
82%
Niveau 45 Normal Mégaphone
82%
Départ Normal Écras'Face
73%
Niveau 40 Normal Grincement
73%
Niveau 21 Normal Écrasement
64%
Niveau 15 Psy Repos
64%
Niveau 30 Normal Ultrason
55%
Niveau 15 Normal Blabla Dodo
45%
Niveau 10 Normal Grondement
45%
Niveau 25 Normal Hurlement
45%
Aucun quiz correspondant
Distribution des résultats
% des personnes avec chaque résultat
Percentile par nombre de réponses
Votre historique - résultats
Vous n’avez pas pris ce quiz